| 000 | 00734nam a2200229Ii 4500 | ||
|---|---|---|---|
| 003 | JO-AjNU | ||
| 008 | 230605s9999||||xx |||||||||||||| ||und|| | ||
| 017 | _a2005/10/2241 | ||
| 020 | _a9957-11-505-7 | ||
| 040 |
_aJO-AjNU _bara _erda _cJO-AjNU |
||
| 041 | _aara | ||
| 050 | 1 | 4 | _aQA76.73.B3.N32 2009 |
| 100 | 3 |
_aالنابلسي، دجانة قدري. , _eauthor _930842 |
|
| 245 | 0 | 0 | _aالبرمجة المرئية فيجوال بيسك |
| 250 | _aط2 | ||
| 264 | 3 | 1 | _aعمان:دار وائل ، 2009 |
| 300 | _a226ص | ||
| 336 |
_atext _btxt _2rdacontent |
||
| 337 |
_aunmediated _bn _2rdamedia |
||
| 338 |
_avolume _bnc _2rdacarrier |
||
| 650 | 4 |
_aالحواسيب- علم الحاسوب -برامج الحاسوب _930843 |
|
| 999 |
_aA12272 _c15840 _d15840 |
||